Rush Hour - Trivia edition - Statistics

General Stats
  • This quiz has been taken 40 times
  • The average score is 7 of 11
Answers on the Map
Answers color-coded by a green-red scale on the quiz's map according to % correct below.
 
Answer Stats
Answer % Correct
Start
100%
What is the Smallest country Vatican City
78%
Which Country has the most populated capital city? Indonesia
69%
What is the coldest Country? Canada
63%
How many stars is on the Somalia Flag One
56%
In Which Country can you Find the Darvaza Gas Crater? Turkmenistan
56%
Which Country is furthest from a Coastline? Kyrgyzstan
53%
Which country has the longest lifespan? Monaco
50%
What is the warmest country by average? Burkina Faso
47%
What is the lowest country by average elevation? Maldives
44%
What is the newest country? South Sudan
41%
No matching quizzes found
Score Distribution
Percent of People with Each Score
Percentile by Number Answered
Your Score History
You have not taken this quiz